01221cam a22003014a 450000100090000000300040000900500170001300800410003001000170007102000350008804000180012304200080014104300120014905000250016108200140018624500870020026000860028730000290037350400640040265000640046665000390053070000230056990600450059294200150063799900170065295201250066995201250079412496956OSt20160810101912.0010808s2001 vaua bf 001 0 eng  a 2001004896 a087120522X (pbk. : alk. paper) aDLCcDLCdDLC apcc an-us---00aLB1025.3b.H364 200100a371.322102aA handbook for classroom instruction that works /cRobert J. Marzano ... [et al.]. aAlexandria, VA :bAssociation for Supervision and Curriculum Development,cc2001. a378 p. :bill. ;c28 cm. aIncludes bibliographical references (p. 369-370) and index. 0aEffective teachingzUnited StatesvHandbooks, manuals, etc. 0aLearningvHandbooks, manuals, etc.1 aMarzano, Robert J. a7bcbccorignewd1eecipf20gy-gencatlg 2lcccBOOKS c13233d13233 00102lcc4070aMUCbMUCcGENd2016-08-10eDonation(BFA)l0oLB 1025.3.H364 2001p24507r2019-05-31w2016-08-10yBOOKS 00102lcc4070aMUCbMUCcGENd2016-08-10eDonation(BFA)l0oLB 1025.3.H364 2001p24502r2016-08-10w2016-08-10yBOOKS